000
00272nam a22000977a 4500
008
170104b xxu||||| |||| 00| 0 eng d
041
_a
eng
080
_2
3d ed.
_a
618.2
245
_a
Emergency Care and Transportation
_c
American Academy of Orthopaedic Surgeons
942
_2
udc
_c
BK
999
_c
2530
_d
2530